[Event "Aeroflot Open A 2016"]
[Site "Moscow RUS"]
[Date "2016.03.02"]
[Round "2.12"]
[White "Dubov, Daniil"]
[Black "Shyam, Sundar M"]
[Result "1/2-1/2"]
[WhiteElo "2634"]
[BlackElo "2523"]
[PlyCount "57"]
[EventDate "2016.03.01"]

1. c4 e6 2. Nc3 d5 3. d4 Bb4 4. Nf3 Nf6 5. Bg5 h6 6. Bxf6 Qxf6 7. e3 O-O 8. Rc1
dxc4 9. Bxc4 c5 10. O-O cxd4 11. Ne4 Qe7 12. a3 Ba5 13. Qxd4 Rd8 14. Qe5 Bb6
15. g4 Nd7 16. Qg3 Nf6 17. Nxf6+ gxf6 18. Qf4 Kg7 19. Qe4 Qd6 20. Bb3 Qd3 21.
Qxd3 Rxd3 22. Ba4 e5 23. Bc2 Rd6 24. Kh1 Kf8 25. Rg1 Rc6 26. Bf5 Bxf5 27. Rxc6
bxc6 28. gxf5 Rd8 29. Rg4 1/2-1/2

[Event "Aeroflot Open A 2016"]
[Site "Moscow RUS"]
[Date "2016.03.02"]
[Round "2.14"]
[White "Wagner, Dennis"]
[Black "Bu, Xiangzhi"]
[Result "1/2-1/2"]
[WhiteElo "2583"]
[BlackElo "2724"]
[PlyCount "64"]
[EventDate "2016.03.01"]

1. d4 d5 2. c4 c6 3. Nf3 Nf6 4. Nc3 e6 5. Bg5 Nbd7 6. e3 Qa5 7. cxd5 exd5 8.
Bd3 Ne4 9. O-O Nxg5 10. Nxg5 Nf6 11. Qc2 h6 12. Nf3 Bd6 13. Rae1 O-O 14. Ne5
Bxe5 15. dxe5 Nd7 16. f4 Nc5 17. Bh7+ Kh8 18. a3 g6 19. Bxg6 fxg6 20. Qxg6 Bf5
21. Qxh6+ Bh7 22. f5 Qc7 23. e6 Qe5 24. g4 Rg8 25. h3 Raf8 26. Kh1 Ne4 27. Nxe4
Qxe4+ 28. Kh2 Rxf5 29. Rxf5 Qc2+ 30. Kh1 Qe4+ 31. Kh2 Qc2+ 32. Kh1 Qe4+ 1/2-1/2

[Event "Aeroflot Open A 2016"]
[Site "Moscow RUS"]
[Date "2016.03.02"]
[Round "2.15"]
[White "Nepomniachtchi, Ian"]
[Black "Timofeev, Artyom"]
[Result "1/2-1/2"]
[WhiteElo "2704"]
[BlackElo "2593"]
[PlyCount "55"]
[EventDate "2016.03.01"]

1. c4 g6 2. e4 c5 3. Nf3 Nc6 4. d4 cxd4 5. Nxd4 Nf6 6. Nc3 Nxd4 7. Qxd4 d6 8.
c5 Bg7 9. cxd6 O-O 10. Bg5 Qxd6 11. Qxd6 exd6 12. O-O-O Be6 13. f3 Rfd8 14. Kb1
h6 15. Be3 d5 16. e5 Nd7 17. f4 f6 18. Be2 d4 19. Rxd4 fxe5 20. fxe5 Nxe5 21.
Rhd1 Re8 22. Bf4 Ng4 23. Rd6 Bf5+ 24. Bd3 Nf2 25. Bxf5 Nxd1 26. Be6+ Rxe6 27.
Rxe6 Nxc3+ 28. bxc3 1/2-1/2

[Event "Aeroflot Open A 2016"]
[Site "Moscow RUS"]
[Date "2016.03.02"]
[Round "2.16"]
[White "Socko, Bartosz"]
[Black "Matlakov, Maxim"]
[Result "0-1"]
[WhiteElo "2587"]
[BlackElo "2682"]
[PlyCount "122"]
[EventDate "2016.03.01"]

1. e4 e5 2. Nf3 Nc6 3. Bb5 a6 4. Bxc6 dxc6 5. O-O Bd6 6. d4 exd4 7. Qxd4 f6 8.
Be3 Ne7 9. Nbd2 Be6 10. Qc3 Qd7 11. Nc4 Bxc4 12. Qxc4 Ng6 13. Rad1 O-O-O 14.
Rfe1 Rhe8 15. Bc1 c5 16. b3 Qb5 17. Qxb5 axb5 18. g3 Rd7 19. Bb2 Rde7 20. Nd2
Be5 21. c3 b4 22. Nb1 Bd6 23. cxb4 cxb4 24. f3 f5 25. Nd2 b5 26. Kg2 Kb7 27.
Rc1 f4 28. Rc2 Be5 29. a4 bxa3 30. Bxa3 Rd7 31. Bc5 Red8 32. Nf1 Rd3 33. b4 Ra3
34. Nd2 Rdd3 35. Rec1 Rac3 36. Rxc3 Bxc3 37. Nb3 Bxb4 38. Bxb4 Rxb3 39. Bc3 c5
40. Bxg7 c4 41. h4 h5 42. Bf6 fxg3 43. Kxg3 Kc6 44. Ra1 b4 45. Ra5 Rd3 46. Rxh5
c3 47. Rh6 Rd6 48. Rxg6 b3 49. Bxc3 Rxg6+ 50. Kf4 Kd7 51. h5 Rc6 52. Bd4 Ke8
53. Kf5 Rd6 54. Be5 Kf7 55. f4 Rh6 56. Kg5 Re6 57. h6 Kg8 58. Ba1 Rxe4 59. f5
Re2 60. Kg6 Rg2+ 61. Kf6 b2 0-1

[Event "Aeroflot Open A 2016"]
[Site "Moscow RUS"]
[Date "2016.03.02"]
[Round "2.18"]
[White "Sjugirov, Sanan"]
[Black "Lalith, Babu M R"]
[Result "1-0"]
[WhiteElo "2667"]
[BlackElo "2573"]
[PlyCount "59"]
[EventDate "2016.03.01"]

1. e4 c6 2. d4 d5 3. e5 Bf5 4. Nf3 e6 5. Be2 Nd7 6. O-O h6 7. Nbd2 Ne7 8. Nb3
g5 9. Bd2 a5 10. a4 Bg7 11. c4 O-O 12. c5 Ng6 13. Ne1 Nf4 14. Bxf4 gxf4 15. Bd3
Bg6 16. Qd2 Bh5 17. Qxf4 Rb8 18. Rc1 b6 19. Qd2 bxc5 20. Nxc5 Rb4 21. h3 Nxc5
22. Rxc5 Qb6 23. Bc2 Rc8 24. Qe3 Rc4 25. g4 Bg6 26. Bxg6 fxg6 27. Nd3 Rxa4 28.
Nf4 Re8 29. Qd3 Re7 30. Rfc1 1-0

[Event "Aeroflot Open A 2016"]
[Site "Moscow RUS"]
[Date "2016.03.02"]
[Round "2.19"]
[White "Fedoseev, Vladimir3"]
[Black "Kovalev, Vladislav"]
[Result "1/2-1/2"]
[WhiteElo "2664"]
[BlackElo "2560"]
[PlyCount "38"]
[EventDate "2016.03.01"]

1. d4 Nf6 2. c4 g6 3. Nc3 Bg7 4. e4 d6 5. Nf3 O-O 6. Be2 e5 7. O-O exd4 8. Nxd4
Re8 9. f3 Nc6 10. Be3 Nh5 11. Qd2 Nf4 12. Bxf4 Nxd4 13. Bd1 Be6 14. Ba4 Rf8 15.
Bg5 f6 16. Bh4 c5 17. Ne2 Bxc4 18. Nxd4 cxd4 19. Rfd1 d3 1/2-1/2

[Event "Aeroflot Open A 2016"]
[Site "Moscow RUS"]
[Date "2016.03.02"]
[Round "2.20"]
[White "Safarli, Eltaj"]
[Black "Bindrich, Falko"]
[Result "1/2-1/2"]
[WhiteElo "2663"]
[BlackElo "2557"]
[PlyCount "317"]
[EventDate "2016.03.01"]

1. e4 e5 2. Nf3 Nc6 3. Bb5 a6 4. Ba4 Nf6 5. O-O Be7 6. Re1 b5 7. Bb3 d6 8. c3
O-O 9. h3 Na5 10. Bc2 c5 11. d4 Qc7 12. Nbd2 cxd4 13. cxd4 Nc6 14. Nb3 a5 15.
Be3 a4 16. Nbd2 Bd7 17. Rc1 Qb7 18. Bd3 Rfe8 19. Qe2 Rab8 20. dxe5 Nxe5 21.
Nxe5 dxe5 22. Bc5 Be6 23. Bxe7 Qxe7 24. Bxb5 Red8 25. Nf3 Nh5 26. g3 Bxa2 27.
Kg2 Bb3 28. Bc6 Nf6 29. Qe3 Be6 30. Bxa4 Rxb2 31. Qc5 Qxc5 32. Rxc5 Rb4 33. Bc6
Rc8 34. Rc2 Nd7 35. Rec1 Rf8 36. Bxd7 Bxd7 37. Nxe5 Bb5 38. f3 Re8 39. Ng4 Rb3
40. Kf2 Bd7 41. Ne3 h6 42. h4 Ra8 43. Rc3 Rb2+ 44. R1c2 Rb1 45. g4 Be6 46. h5
Rb4 47. Rd2 Re8 48. Rc7 Ra8 49. Ng2 Rba4 50. Kg3 Ra2 51. Rxa2 Bxa2 52. Nf4 Rd8
53. Kf2 Kf8 54. Ke3 Bb3 55. Nd3 Kg8 56. Nc5 Ba2 57. Kf4 Ra8 58. Rd7 Kf8 59. Rd2
Ke7 60. Rb2 Ke8 61. Rb4 Rc8 62. Nd3 Ra8 63. Ne5 Rc8 64. Rb6 Be6 65. Nc6 Bd7 66.
Nd4 Kf8 67. Rb7 Rd8 68. Nb3 Be6 69. Nc5 Bc4 70. Rc7 Ba2 71. Ra7 Bc4 72. Nd7+
Kg8 73. Nb6 Be6 74. Ra8 Rxa8 75. Nxa8 f6 76. Nc7 Bd7 77. Nd5 Kf7 78. Ne3 Ba4
79. Nf5 Kf8 80. Nd4 Kf7 81. Kg3 Bd7 82. Nf5 Ba4 83. Kf2 Bd1 84. Nh4 Ba4 85. Ke3
Bd1 86. Ng2 Ba4 87. Nf4 Bd1 88. Nd5 Ba4 89. Nc3 Bd7 90. Kd4 Bc8 91. Nd5 Ba6 92.
Nf4 Bb5 93. Kd5 Ke7 94. Ne6 Kf7 95. Nd4 Ba4 96. Kc5 Bd1 97. Kd6 Ba4 98. Nf5 Bd1
99. Nh4 Be2 100. Kd5 Bd1 101. Kd4 Be2 102. Ke3 Bd1 103. Nf5 Ba4 104. Kd2 Bd7
105. Kc3 Ba4 106. Ne3 Bb5 107. Nc4 Ba4 108. Nb2 Bb5 109. Nd3 Bd7 110. Kd4 Ba4
111. Nb2 Bb5 112. Nc4 Ba4 113. Ne3 Bb5 114. Nf5 Ba4 115. Ke3 Bd1 116. Kf2 Ba4
117. Kg3 Bd1 118. Nd4 Ba4 119. f4 Bd7 120. e5 fxe5 121. fxe5 g6 122. Kf4 Be8
123. hxg6+ Kxg6 124. Nf5 Bd7 125. Ne7+ Kf7 126. Nf5 Kg6 127. Ne7+ Kf7 128. Nd5
Kg6 129. Nf6 Be6 130. Kg3 Bc8 131. Kh4 Kf7 132. Kg3 Kg6 133. Kf4 Be6 134. Nh5
Bc8 135. Ng3 Bd7 136. Ne4 Bc8 137. Nd6 Bd7 138. Nf5 Be6 139. Nh4+ Kf7 140. Kg3
Bd7 141. Nf3 Kg6 142. Kh4 Kg7 143. Nd4 Kg6 144. Ne2 Be8 145. Nf4+ Kf7 146. Nd5
Bc6 147. Nc7 Kg6 148. Ne6 Be8 149. Nc5 Kf7 150. Na6 Kg6 151. Nb4 Kf7 152. Nd5
Bc6 153. Nb4 Be8 154. Kg3 Ke6 155. Kf4 h5 156. Na6 hxg4 157. Nc7+ Kd7 158. Nxe8
Kxe8 159. Kxg4 1/2-1/2

[Event "Aeroflot Open A 2016"]
[Site "Moscow RUS"]
[Date "2016.03.02"]
[Round "2.21"]
[White "Motylev, Alexander"]
[Black "Alekseenko, Kirill"]
[Result "1/2-1/2"]
[WhiteElo "2655"]
[BlackElo "2554"]
[PlyCount "105"]
[EventDate "2016.03.01"]

1. e4 e5 2. Nf3 Nc6 3. Bb5 a6 4. Bxc6 dxc6 5. O-O f6 6. d4 exd4 7. Nxd4 c5 8.
Ne2 Qxd1 9. Rxd1 Bd7 10. Be3 O-O-O 11. Nbc3 Re8 12. Rd2 b6 13. f3 Ne7 14. Rad1
Bc6 15. Kf2 Ng6 16. Nd5 Ne5 17. b3 c4 18. Nec3 cxb3 19. cxb3 Kb7 20. Ne2 Rd8
21. Nef4 Ba3 22. Ne6 Rd7 23. Ndf4 g6 24. h3 Rxd2+ 25. Rxd2 Bd7 26. Nd4 Bd6 27.
Nd5 Rf8 28. f4 Nc6 29. Ne2 b5 30. g4 Be8 31. Ng3 Ne7 32. Nc3 f5 33. exf5 gxf5
34. g5 h6 35. gxh6 Rh8 36. Nd5 Nxd5 37. Rxd5 Bd7 38. Nxf5 Kc6 39. Rxd6+ cxd6
40. Ne7+ Kc7 41. f5 Kd8 42. Ng6 Rh7 43. Nh4 Ke7 44. Kg3 Kf8 45. Kg4 Kg8 46. Kg5
Re7 47. Bf4 Re2 48. Ng6 Rg2+ 49. Kf6 Rf2 50. b4 d5 51. Ke5 Re2+ 52. Kd6 Bxf5
53. Ne7+ 1/2-1/2

[Event "Aeroflot Open A 2016"]
[Site "Moscow RUS"]
[Date "2016.03.02"]
[Round "2.22"]
[White "Sasikiran, Krishnan"]
[Black "Pichot, Alan"]
[Result "1-0"]
[WhiteElo "2637"]
[BlackElo "2542"]
[PlyCount "95"]
[EventDate "2016.03.01"]

1. d4 d5 2. c4 e6 3. Nf3 Nf6 4. g3 dxc4 5. Bg2 c5 6. O-O Nc6 7. dxc5 Qxd1 8.
Rxd1 Bxc5 9. Nbd2 c3 10. bxc3 O-O 11. Nb3 Be7 12. Bb2 Bd7 13. c4 Rfd8 14. Nfd4
Nxd4 15. Bxd4 Bc6 16. Bxc6 bxc6 17. Rd3 Kf8 18. Rad1 Ke8 19. Kg2 Rac8 20. Na5
Rd7 21. Bxf6 Rxd3 22. Rxd3 Bxf6 23. Kf3 Be7 24. Rb3 Bd8 25. Nb7 Be7 26. h3 Rb8
27. g4 Rc8 28. Ke4 Rb8 29. f4 Rc8 30. Kf3 Rb8 31. e4 Kd7 32. Nc5+ Kc8 33. Nd3
Ra8 34. Ne5 Kc7 35. Rd3 Bd6 36. Nxf7 Bxf4 37. Kxf4 Rf8 38. Ke5 Rxf7 39. Kxe6
Rf6+ 40. Ke7 Rf4 41. e5 Rxc4 42. Rd7+ Kb6 43. e6 Ra4 44. Kd8 Rxa2 45. e7 Re2
46. e8=Q Rxe8+ 47. Kxe8 a5 48. Rxg7 1-0

[Event "Aeroflot Open A 2016"]
[Site "Moscow RUS"]
[Date "2016.03.02"]
[Round "2.23"]
[White "Yuffa, Daniil"]
[Black "Kobalia, Mikhail"]
[Result "0-1"]
[WhiteElo "2502"]
[BlackElo "2632"]
[PlyCount "110"]
[EventDate "2016.03.01"]

1. d4 d5 2. c4 dxc4 3. e3 e5 4. Bxc4 exd4 5. exd4 Nf6 6. Nf3 Bd6 7. Qe2+ Qe7 8.
Qxe7+ Bxe7 9. O-O O-O 10. Re1 Bd6 11. Nc3 a6 12. Bg5 Nbd7 13. Ne5 b5 14. Bb3
Bb7 15. Nxd7 Nxd7 16. Be7 Rfe8 17. Bxd6 cxd6 18. Bd5 Bxd5 19. Nxd5 Kf8 20.
Rxe8+ Rxe8 21. Rc1 Nf6 22. Ne3 Re4 23. Nf5 Ne8 24. f3 Re2 25. Rc8 d5 26. Kf1
Rxb2 27. Nd6 Rb1+ 28. Kf2 Rb2+ 29. Ke3 Ke7 30. Nxe8 Rxg2 31. Rb8 Kd7 32. a3 a5
33. f4 Ra2 34. f5 Rxa3+ 35. Kf4 b4 36. Nxg7 b3 37. f6 Kc7 38. Rb5 Kc6 39. Rb8
Kc7 40. Rb5 Kc6 41. Rb8 a4 42. Nf5 Ra1 43. Ne3 Rb1 44. Nc2 bxc2 45. Rc8+ Kb5
46. Rxc2 a3 47. Ke5 Rb2 48. Rc7 a2 49. Ra7 Kc4 50. Ra4+ Kb3 51. Ra7 Kc4 52.
Ra4+ Kb3 53. Ra7 Rb1 54. Kxd5 a1=Q 55. Rxa1 Rxa1 0-1

[Event "Aeroflot Open A 2016"]
[Site "Moscow RUS"]
[Date "2016.03.02"]
[Round "2.24"]
[White "Bartel, Mateusz"]
[Black "Goryachkina, Aleksandra"]
[Result "1-0"]
[WhiteElo "2625"]
[BlackElo "2509"]
[PlyCount "79"]
[EventDate "2016.03.01"]

1. e4 e5 2. Nf3 Nc6 3. Bb5 Nf6 4. d3 Bc5 5. Bxc6 dxc6 6. Nbd2 Be6 7. Nb3 Bd6 8.
O-O O-O 9. Bg5 c5 10. Na5 Rb8 11. Qe1 h6 12. Bh4 Bg4 13. Qe3 Qe7 14. a4 Qe6 15.
h3 Bh5 16. Nc4 Nd7 17. g4 Bg6 18. Bg3 Rbd8 19. Rae1 Rfe8 20. Nh4 Nb6 21. Na5
Rb8 22. b3 Qd7 23. Rd1 Re6 24. Qe2 Qe8 25. Nf5 f6 26. Qd2 Bf7 27. f4 exf4 28.
Bxf4 Bg6 29. Be3 Bf8 30. Qh2 Qd7 31. Qf2 Bxf5 32. gxf5 Re5 33. Qg2 Ree8 34. Kh1
Kh8 35. Rg1 Qf7 36. Qe2 c6 37. Rg6 Nc8 38. Qh5 Qd7 39. Bxh6 gxh6 40. Rdg1 1-0

[Event "Aeroflot Open A 2016"]
[Site "Moscow RUS"]
[Date "2016.03.02"]
[Round "2.25"]
[White "Swayams, Mishra"]
[Black "Khalifman, Alexander"]
[Result "1/2-1/2"]
[WhiteElo "2470"]
[BlackElo "2624"]
[PlyCount "34"]
[EventDate "2016.03.01"]

1. d4 d5 2. c4 e6 3. Nf3 Nf6 4. Nc3 Bb4 5. Bg5 h6 6. Bxf6 Qxf6 7. e3 O-O 8. Rc1
dxc4 9. Bxc4 c5 10. O-O cxd4 11. Nxd4 Bd7 12. Qb3 Nc6 13. Nxc6 Bxc3 14. Rxc3
Bxc6 15. Bb5 Bd5 16. Bc4 Bc6 17. Bb5 Bd5 1/2-1/2

[Event "Aeroflot Open A 2016"]
[Site "Moscow RUS"]
[Date "2016.03.02"]
[Round "2.26"]
[White "Salem, A.R. Saleh"]
[Black "Gasanov, Eldar"]
[Result "1-0"]
[WhiteElo "2615"]
[BlackElo "2503"]
[PlyCount "101"]
[EventDate "2016.03.01"]

1. e4 e5 2. Nf3 Nc6 3. Bb5 a6 4. Ba4 Nf6 5. d3 d6 6. c3 g6 7. O-O Bg7 8. Re1
O-O 9. Nbd2 b5 10. Bc2 Re8 11. h3 Bb7 12. a4 Nb8 13. b4 c5 14. bxc5 dxc5 15.
Rb1 Bc6 16. Bb2 Nbd7 17. d4 Rb8 18. d5 Ba8 19. axb5 axb5 20. c4 b4 21. Ba4 Bf8
22. Nb3 Bd6 23. Bc1 Kg7 24. Qd2 Qc7 25. Qh6+ Kg8 26. g4 Bb7 27. Qh4 Rec8 28.
Bg5 Ra8 29. Bb5 Kg7 30. Bh6+ Kg8 31. Nfd2 Ba6 32. Bc6 Bb7 33. Bxb7 Qxb7 34. f4
Ra2 35. f5 Be7 36. Bg5 Rca8 37. Rf1 Qb6 38. Rf2 Rc2 39. Rbf1 Rf8 40. fxg6 fxg6
41. Bh6 Re8 42. g5 Nh5 43. Qg4 Qd6 44. Na5 Nf4 45. Nb7 Qc7 46. Rxf4 exf4 47.
Qe6+ Kh8 48. d6 Qxb7 49. dxe7 Rxd2 50. Qf7 Rg2+ 51. Kh1 1-0

[Event "Aeroflot Open A 2016"]
[Site "Moscow RUS"]
[Date "2016.03.02"]
[Round "2.27"]
[White "Pourramezanali, Amirreza"]
[Black "Bok, Benjamin"]
[Result "1/2-1/2"]
[WhiteElo "2506"]
[BlackElo "2611"]
[PlyCount "142"]
[EventDate "2016.03.01"]

1. e4 c5 2. c3 Nf6 3. e5 Nd5 4. d4 cxd4 5. cxd4 d6 6. Nf3 Nc6 7. Bc4 dxe5 8.
Nxe5 e6 9. O-O Be7 10. Nf3 O-O 11. Nc3 Nxc3 12. bxc3 b6 13. Bd3 Bb7 14. Re1 Rc8
15. Bf4 Bf6 16. Rc1 g6 17. Qe2 Ne7 18. Ne5 Bg7 19. Qg4 Nd5 20. Bd2 Nf6 21. Qh3
Qd5 22. Bg5 Rc7 23. Bb1 Rfc8 24. Bd2 Ba8 25. Rcd1 b5 26. Nf3 Qh5 27. Qxh5 Nxh5
28. Bd3 Bc6 29. Rb1 a6 30. Ne5 Be8 31. h3 Nf6 32. a4 Nd5 33. axb5 axb5 34. Bxb5
Bxb5 35. Rxb5 Nxc3 36. Bxc3 Rxc3 37. Rb7 Rc1 38. Rxc1 Rxc1+ 39. Kh2 Bxe5+ 40.
dxe5 Rc4 41. Rb3 Kg7 42. g4 Re4 43. Rb5 g5 44. Kg3 Kg6 45. h4 gxh4+ 46. Kxh4 h5
47. f3 Rd4 48. Rb8 hxg4 49. fxg4 Re4 50. Rg8+ Kh7 51. Rg5 Re3 52. Rh5+ Kg6 53.
Rg5+ Kh6 54. Rh5+ Kg7 55. Rg5+ Kf8 56. Rh5 Ke7 57. Rg5 Kd7 58. Rg7 Rf3 59. Rg8
Re3 60. Rg7 Ke8 61. Rg8+ Ke7 62. Rg5 Kf8 63. Rh5 Ke8 64. Rg5 Kd7 65. Rg7 Ke7
66. Rg5 Rf3 67. Rh5 Re3 68. Rg5 Kd7 69. Rg7 Rf3 70. Rg8 Re3 71. Rg7 Ke7 1/2-1/2

[Event "Aeroflot Open A 2016"]
[Site "Moscow RUS"]
[Date "2016.03.02"]
[Round "2.28"]
[White "Cordova, Emilio"]
[Black "Debashis, Das"]
[Result "1-0"]
[WhiteElo "2610"]
[BlackElo "2471"]
[PlyCount "79"]
[EventDate "2016.03.01"]

1. Nf3 Nf6 2. c4 e6 3. g3 d5 4. Bg2 Be7 5. O-O O-O 6. b3 c5 7. e3 Nc6 8. Bb2 b6
9. Nc3 Bb7 10. cxd5 Nxd5 11. Nxd5 exd5 12. d4 Rc8 13. dxc5 bxc5 14. Qd2 Qd7 15.
Rfd1 Rfd8 16. Rac1 Qe6 17. h4 h6 18. Ba3 c4 19. Bxe7 Qxe7 20. Nd4 Ne5 21. Qa5
Ba8 22. Rc3 Kh8 23. b4 Nc6 24. Nxc6 Bxc6 25. Rd4 Rb8 26. a3 Rb5 27. Qa4 a5 28.
Qd1 Rdb8 29. e4 axb4 30. axb4 Qxb4 31. Rc1 Rc5 32. exd5 Ba8 33. Be4 Rcc8 34.
Qf3 Kg8 35. h5 Qc5 36. Rdxc4 Qxc4 37. Rxc4 Rxc4 38. Qf5 Re8 39. Qh7+ Kf8 40. d6
1-0

[Event "Aeroflot Open A 2016"]
[Site "Moscow RUS"]
[Date "2016.03.02"]
[Round "2.29"]
[White "Bachmann, Axel"]
[Black "Igonin, Temur"]
[Result "1-0"]
[WhiteElo "2609"]
[BlackElo "2470"]
[PlyCount "113"]
[EventDate "2016.03.01"]

1. e4 e5 2. Nf3 Nc6 3. Bb5 g6 4. d4 exd4 5. Bg5 Be7 6. Bxe7 Qxe7 7. Bxc6 dxc6
8. Qxd4 Nf6 9. Nc3 Bg4 10. Nd2 c5 11. Qe3 O-O-O 12. f3 Bd7 13. O-O-O Bc6 14.
Nc4 b6 15. Qg5 Qe6 16. Qe5 Rxd1+ 17. Rxd1 Re8 18. Qxe6+ Rxe6 19. Ne3 Ne8 20.
Ncd5 Nd6 21. Nf4 Re8 22. Kd2 Bd7 23. Nfd5 f5 24. Nf6 Re7 25. exf5 Nxf5 26. Nxf5
Bxf5 27. g4 Bd7 28. Re1 Rf7 29. g5 c6 30. h4 Kc7 31. Ke3 Re7+ 32. Kf2 Rf7 33.
Kg3 Bf5 34. c3 Bd7 35. Rd1 Bc8 36. Ne8+ Kb8 37. Re1 Bd7 38. f4 Bxe8 39. Rxe8+
Kc7 40. f5 Rxf5 41. Re7+ Kd6 42. Rxh7 Rf1 43. Rg7 Rg1+ 44. Kf4 Rf1+ 45. Kg3
Rg1+ 46. Kf2 Rb1 47. Rxg6+ Ke5 48. Rxc6 Rxb2+ 49. Kf3 Rc2 50. Kg4 Rxa2 51. g6
Rg2+ 52. Kf3 Rg1 53. h5 Kd5 54. Rc7 a5 55. g7 a4 56. h6 a3 57. h7 1-0

[Event "Aeroflot Open A 2016"]
[Site "Moscow RUS"]
[Date "2016.03.02"]
[Round "2.30"]
[White "Jumabayev, Rinat"]
[Black "Kovalevskaya, Ekaterina"]
[Result "1-0"]
[WhiteElo "2607"]
[BlackElo "2462"]
[PlyCount "178"]
[EventDate "2016.03.01"]

1. Nf3 Nf6 2. g3 c5 3. Bg2 Nc6 4. O-O e5 5. e4 Be7 6. c3 Nxe4 7. Nxe5 Nxe5 8.
d4 Nc6 9. Bxe4 d5 10. Bg2 cxd4 11. cxd4 O-O 12. Nc3 Be6 13. Re1 Bf6 14. Be3 Qd7
15. Qd2 Rfe8 16. Ne2 Bh3 17. Bh1 Bf5 18. Nc3 Be6 19. Rac1 Rac8 20. Bg2 g6 21.
Bf1 Bg4 22. Bg2 Be6 23. b3 Be7 24. Qb2 Bf6 25. Qd2 Be7 26. Bf4 Ba3 27. Ra1 Bf8
28. Bh6 Bxh6 29. Qxh6 Nxd4 30. Qd2 Nc2 31. Qxc2 d4 32. Rad1 Rxc3 33. Qe4 Rd8
34. Rd2 Bf5 35. Qxb7 Qxb7 36. Bxb7 Rc2 37. Red1 Rd7 38. Ba6 Rxd2 39. Rxd2 Be4
40. Kf1 Bf3 41. Be2 Bc6 42. Bd3 f5 43. Rc2 Bf3 44. Ke1 Kg7 45. Kd2 Kf6 46. h4
Bb7 47. Bb5 Re7 48. Bc6 Ba6 49. Bf3 f4 50. g4 Kg7 51. g5 Bf1 52. Rc1 Bh3 53.
Rc4 Rd7 54. Be4 d3 55. Bf3 h6 56. Rxf4 hxg5 57. hxg5 Bf1 58. Rb4 Rd6 59. Rb7+
Kf8 60. Rxa7 Re6 61. Ra8+ Kg7 62. Ra7+ Kh8 63. Ra4 Re5 64. Be4 Rxg5 65. Rd4 Rg4
66. Rd8+ Kg7 67. Bxd3 Bg2 68. Rd6 g5 69. a4 Rf4 70. Ke3 Kf7 71. a5 Rf3+ 72. Ke2
Rh3 73. Bc4+ Ke7 74. Rd3 Rh1 75. Kd2 g4 76. Bd5 Bxd5 77. Rxd5 Rh2 78. Ke1 Ke6
79. Rg5 Rh1+ 80. Kd2 Rf1 81. Rxg4 Rxf2+ 82. Kc3 Kd6 83. Rc4 Kd5 84. Kb4 Rf8 85.
Rc1 Kd6 86. Kb5 Rb8+ 87. Ka4 Rf8 88. b4 Rf2 89. a6 Kd5 1-0

[Event "Aeroflot Open A 2016"]
[Site "Moscow RUS"]
[Date "2016.03.02"]
[Round "2.32"]
[White "Jobava, Baadur"]
[Black "Xu, Yinglun"]
[Result "1/2-1/2"]
[WhiteElo "2676"]
[BlackElo "2518"]
[PlyCount "84"]
[EventDate "2016.03.01"]

1. d4 d5 2. c4 e6 3. Nc3 Be7 4. cxd5 exd5 5. Bf4 c6 6. Qc2 g6 7. e3 Bf5 8. Bd3
Bxd3 9. Qxd3 Nf6 10. Nge2 Nbd7 11. Rb1 a5 12. O-O O-O 13. f3 Re8 14. Rbd1 Nh5
15. e4 Nxf4 16. Nxf4 Qc7 17. e5 Nf8 18. Nfe2 f5 19. f4 Ne6 20. h3 Rf8 21. Kh2
Rf7 22. Qc2 Kh8 23. Nc1 Qb6 24. N3e2 Raf8 25. a3 Qa7 26. Qc3 a4 27. Nd3 Ra8 28.
g4 Raf8 29. Kg2 Qa6 30. g5 h5 31. Rb1 Ra8 32. Kf3 Qa5 33. Rfc1 Kg8 34. Ke3 Bf8
35. Nc5 Bxc5 36. dxc5 Qxc3+ 37. Rxc3 Ra5 38. Rbc1 Rd7 39. Nd4 Kf7 40. Nxe6 Kxe6
41. Kd4 Rb5 42. b4 Rd8 1/2-1/2

[Event "Aeroflot Open A 2016"]
[Site "Moscow RUS"]
[Date "2016.03.02"]
[Round "2.33"]
[White "Anton Guijarro, David"]
[Black "Predke, Alexandr"]
[Result "0-1"]
[WhiteElo "2641"]
[BlackElo "2508"]
[PlyCount "88"]
[EventDate "2016.03.01"]

1. Nf3 d5 2. b3 Nf6 3. Bb2 e6 4. e3 b6 5. d4 Bd6 6. Bd3 Bb7 7. O-O O-O 8. Qe2
Ne4 9. c4 Nd7 10. Nc3 Nxc3 11. Bxc3 f5 12. Rac1 Qe7 13. Rfd1 Rac8 14. h3 Nf6
15. cxd5 Bxd5 16. Bc4 c6 17. Ne5 Rc7 18. f3 c5 19. Ba6 cxd4 20. Bxd4 Rd8 21.
Nc4 Bc5 22. Bxc5 Rxc5 23. a4 Rc7 24. Rd4 Nd7 25. e4 fxe4 26. fxe4 Bc6 27. Rcd1
Rf8 28. Bb5 Bxb5 29. axb5 Qc5 30. Kh1 Qxb5 31. Qg4 Nc5 32. Rd8 Rcf7 33. Nd6
Rf1+ 34. Kh2 Rxd8 35. Nxb5 Rdxd1 36. b4 h5 37. Qg6 Nd7 38. Qxe6+ Kh7 39. Kg3
Rd3+ 40. Kh4 Nf8 41. Qc4 Ng6+ 42. Kxh5 Rf2 43. g4 Rxh3+ 44. Kg5 Ne5 0-1

[Event "Aeroflot Open A 2016"]
[Site "Moscow RUS"]
[Date "2016.03.02"]
[Round "2.34"]
[White "Azarov, Sergei"]
[Black "Aravindh, Chithambaram VR"]
[Result "1-0"]
[WhiteElo "2599"]
[BlackElo "2506"]
[PlyCount "97"]
[EventDate "2016.03.01"]

1. e4 c5 2. Nf3 Nc6 3. Bb5 e6 4. O-O Nge7 5. Re1 a6 6. Bxc6 Nxc6 7. d4 cxd4 8.
Nxd4 d6 9. Nc3 Be7 10. Nxc6 bxc6 11. Qg4 Kf8 12. b3 h5 13. Qe2 e5 14. Na4 Be6
15. c4 h4 16. h3 Kg8 17. Be3 Qc7 18. Rad1 Rf8 19. Bb6 Qc8 20. c5 d5 21. exd5
Bxd5 22. Ba5 e4 23. Nb6 Qb7 24. b4 Rh6 25. a3 Rg6 26. Qc2 Rg5 27. Rxd5 cxd5 28.
c6 Qc7 29. Nxd5 Qd6 30. Nxe7+ Qxe7 31. c7 Rc8 32. Qxe4 Qd7 33. Qxh4 Qd5 34. Qe4
Qd7 35. Qe7 Qf5 36. Qd8+ Kh7 37. Re8 Qb1+ 38. Kh2 Qf5 39. Kg1 Qb1+ 40. Kh2 Qf5
41. Rh8+ Kg6 42. Qd6+ f6 43. Rxc8 Qxc8 44. Qd3+ Kh6 45. Bb6 Qb7 46. Qf3 Qc8 47.
Be3 Qxc7+ 48. Bf4 Qc4 49. h4 1-0

[Event "Aeroflot Open A 2016"]
[Site "Moscow RUS"]
[Date "2016.03.02"]
[Round "2.35"]
[White "Kunin, Vitaly"]
[Black "Lei, Tingjie"]
[Result "1/2-1/2"]
[WhiteElo "2584"]
[BlackElo "2495"]
[PlyCount "100"]
[EventDate "2016.03.01"]

1. e4 e5 2. Nf3 Nf6 3. d3 Nc6 4. Be2 Be7 5. O-O O-O 6. c3 Re8 7. Nbd2 Bf8 8. b4
a6 9. a4 d5 10. Bb2 Bg4 11. b5 Na5 12. h3 dxe4 13. Nxe4 Nxe4 14. hxg4 Nd6 15.
Qc2 axb5 16. axb5 Nxb5 17. d4 e4 18. Nd2 Nd6 19. c4 e3 20. fxe3 Qg5 21. Bd3
Qxe3+ 22. Rf2 Nc6 23. Rxa8 Rxa8 24. Bxh7+ Kh8 25. Nf1 Qg5 26. Rf3 g6 27. Rh3
Kg7 28. d5+ Ne5 29. c5 Ne8 30. Bxg6 Qxg6 31. Bxe5+ f6 32. Qxg6+ Kxg6 33. Bd4
Ra4 34. Bf2 Rc4 35. Re3 Kf7 36. g5 fxg5 37. Rf3+ Kg8 38. Re3 Nf6 39. Re6 Ne4
40. c6 bxc6 41. Rxc6 Rxc6 42. dxc6 Kf7 43. Ng3 Nxf2 44. Kxf2 Ke6 45. Kf3 Kd5
46. Kg4 Be7 47. Nf5 Bf6 48. Ng3 Be7 49. Nf5 Bf6 50. Ng3 Be7 1/2-1/2

[Event "Aeroflot Open A 2016"]
[Site "Moscow RUS"]
[Date "2016.03.02"]
[Round "2.36"]
[White "Firouzja, Alireza"]
[Black "Kulaots, Kaido"]
[Result "1/2-1/2"]
[WhiteElo "2475"]
[BlackElo "2578"]
[PlyCount "179"]
[EventDate "2016.03.01"]

1. e4 c5 2. Nf3 e6 3. d4 cxd4 4. Nxd4 a6 5. c4 Nf6 6. Nc3 Qc7 7. Be2 Bb4 8. Qd3
O-O 9. O-O d6 10. Nc2 Bxc3 11. bxc3 Nbd7 12. f3 Nc5 13. Qd4 e5 14. Qd2 Be6 15.
Rd1 Rfd8 16. Qe1 Nfd7 17. Ne3 Nb6 18. Ba3 Rac8 19. Qg3 Qe7 20. Rd2 Nba4 21. Bb4
Qc7 22. Rc1 h6 23. Kh1 Rd7 24. Bd1 Qd8 25. Nf5 Bxf5 26. exf5 Qf6 27. Qg4 Rc6
28. Bc2 Nb6 29. Rcd1 Rd8 30. Re2 Rdc8 31. f4 Nxc4 32. fxe5 Nxe5 33. Qg3 b6 34.
c4 Ncd7 35. Be4 Rxc4 36. Rxd6 Qg5 37. Qxg5 hxg5 38. Be1 Rc1 39. h3 Nf6 40. Bb7
R8c5 41. Bxa6 R1c2 42. Rdd2 Rxd2 43. Bxd2 g4 44. Kh2 gxh3 45. Kxh3 Nc6 46. g4
Nd4 47. Re3 Rc2 48. Rd3 Nc6 49. Bb7 Nxg4 50. Be1 Nge5 51. Rb3 Rxa2 52. Rxb6
Ra3+ 53. Kg2 Nd4 54. Bg3 Nc4 55. Rb4 Nxf5 56. Bf4 Nce3+ 57. Kg1 Ra1+ 58. Kf2
Ng4+ 59. Kf3 Nf6 60. Be5 Ra3+ 61. Kf4 Ne7 62. Bxf6 gxf6 63. Be4 Ng6+ 64. Kg4
Kg7 65. Rd4 Ra5 66. Bf5 Ne7 67. Bc2 f5+ 68. Kg5 f6+ 69. Kf4 Ng6+ 70. Kf3 Kh6
71. Rd8 Ra3+ 72. Ke2 f4 73. Bxg6 Kxg6 74. Rd5 Re3+ 75. Kf2 Re5 76. Rd8 Kf5 77.
Kf3 Re3+ 78. Kf2 Ra3 79. Rc8 Re3 80. Rb8 Ra3 81. Rc8 f3 82. Kg3 Kg5 83. Rg8+
Kf5 84. Re8 f2+ 85. Kxf2 Kf4 86. Rb8 Ra2+ 87. Kf1 f5 88. Rb3 Kg4 89. Rc3 f4 90.
Rb3 1/2-1/2